Comisión del gasto y la inversión pública : (Registro nro. 3324)
[ vista simple ]
| 000 -LEADER | |
|---|---|
| fixed length control field | 01235nam a2200289Ia 4500 |
| 003 - CONTROL NUMBER IDENTIFIER | |
| control field | OSt |
| 005 - DATE AND TIME OF LATEST TRANSACTION | |
| control field | 20200811144206.0 |
| 008 - FIXED-LENGTH DATA ELEMENTS--GENERAL INFORMATION | |
| fixed length control field | 191128s2017 c ad fr 000 0 s d |
| 020 ## - INTERNATIONAL STANDARD BOOK NUMBER | |
| International Standard Book Number | 9789585634343 |
| 040 ## - CATALOGING SOURCE | |
| Original cataloging agency | CO-JMCR |
| Transcribing agency | CO-JMCR |
| 041 0# - LANGUAGE CODE | |
| Language code of text/sound track or separate title | spa |
| 082 04 - DEWEY DECIMAL CLASSIFICATION NUMBER | |
| Classification number | 343.099 / |
| Item number | B456c |
| Edition number | 23 |
| 100 1# - MAIN ENTRY--PERSONAL NAME | |
| Personal name | Bernal Salazar, Raquel |
| Relator term | autora |
| 9 (RLIN) | 8585 |
| 245 10 - TITLE STATEMENT | |
| Title | Comisión del gasto y la inversión pública : |
| Remainder of title | informe final / |
| Statement of responsibility, etc. | Raquel Bernal, Jorge Iván González, Juan Carlos Henao [y otros 6] |
| 250 ## - EDITION STATEMENT | |
| Edition statement | Primera edición |
| 260 ## - PUBLICATION, DISTRIBUTION, ETC. | |
| Place of publication, distribution, etc. | Bogota : |
| Name of publisher, distributor, etc. | Fedesarrollo, |
| Date of publication, distribution, etc. | 2017 |
| 300 ## - PHYSICAL DESCRIPTION | |
| Extent | 341 páginas : |
| Other physical details | gráficos a blanco y negro ; |
| Dimensions | 23 cm. |
| 500 ## - GENERAL NOTE | |
| General note | Incluye notas a pie de página. |
| 504 ## - BIBLIOGRAPHY, ETC. NOTE | |
| Bibliography, etc. note | Bibliografía: página 341 |
| 505 0# - FORMATTED CONTENTS NOTE | |
| Formatted contents note | Tendencias del gasto público en Colombia -- El procesos presupuestal -- El empleo público en Colombia y su relación con el gasto: aspectos generales y recomendaciones -- Sistemas de compras y contratación pública (SCP) |
| 650 14 - SUBJECT ADDED ENTRY--TOPICAL TERM | |
| Topical term or geographic name entry element | Gasto público |
| Geographic subdivision | Colombia |
| 9 (RLIN) | 8586 |
| 650 14 - SUBJECT ADDED ENTRY--TOPICAL TERM | |
| Topical term or geographic name entry element | Proceso presupuestal |
| Geographic subdivision | Colombia |
| 9 (RLIN) | 8587 |
| 650 14 - SUBJECT ADDED ENTRY--TOPICAL TERM | |
| Topical term or geographic name entry element | Empleo público |
| Geographic subdivision | Colombia |
| 9 (RLIN) | 8588 |
| 700 1# - ADDED ENTRY--PERSONAL NAME | |
| Personal name | González, Jorge Iván, |
| Relator term | autor |
| 9 (RLIN) | 5104 |
| 700 1# - ADDED ENTRY--PERSONAL NAME | |
| Personal name | Henao, Juan Carlos, |
| Relator term | autor |
| 9 (RLIN) | 8589 |
| 942 ## - ADDED ENTRY ELEMENTS (KOHA) | |
| Source of classification or shelving scheme | Dewey Decimal Classification |
| Koha item type | Books |
| Withdrawn status | Lost status | Source of classification or shelving scheme | Damaged status | Not for loan | Collection code | Home library | Current library | Date acquired | Source of acquisition | Total Checkouts | Total Renewals | Full call number | Barcode | Date last seen | Date last checked out | Copy number | Koha item type |
|---|---|---|---|---|---|---|---|---|---|---|---|---|---|---|---|---|---|
| Dewey Decimal Classification | Non-fiction | Biblioteca Pública José María del Castillo y Rada | Biblioteca Pública José María del Castillo y Rada | 04/17/2018 | Donación | 1 | 2 | 343.099 / B456c | 201805139 | 03/20/2026 | 02/24/2026 | Ej.2 | Books | ||||
| Dewey Decimal Classification | Non-fiction | Biblioteca Pública José María del Castillo y Rada | Biblioteca Pública José María del Castillo y Rada | 04/17/2018 | Donación | 343.099 / B456c | 201805133 | 05/16/2024 | Ej.1 | Books |